| 000 | 00865cam a22002775a 4500 | ||
|---|---|---|---|
| 001 | 013511519 | ||
| 003 | OSt | ||
| 005 | 20161106143357.0 | ||
| 008 | 060711r20102005enka frb f001 0 eng d | ||
| 020 | _a9780199211173 | ||
| 020 | _a0199211175 | ||
| 040 |
_aStDuBDS _beng _cStDuBDS _dEG-ScBUE |
||
| 082 | 0 | 4 |
_a274.202 _222 _bBLA |
| 100 | 1 |
_aBlair, John _q(W. John) |
|
| 245 | 1 | 4 |
_aThe church in Anglo-Saxon society / _cJohn Blair. |
| 250 | _aReprint ed. | ||
| 260 |
_aOxford : _bOxford University Press, _c2010. |
||
| 300 |
_axix, 604 p. : _bill. ; _c24 cm. |
||
| 500 | _aReprinted of the 2005 ed. | ||
| 500 | _aIndex : p. [571]-604. | ||
| 504 | _aBibliography : p. [523]-569. | ||
| 650 | 7 |
_aReligion and sociology _zEngland _xHistory _yTo 1500. _2BUEsh |
|
| 651 | 7 |
_aEngland _xChurch history _y449-1066. _2BUEsh |
|
| 653 |
_bHHUUPPSS _cNovember2016 |
||
| 942 | _2ddc | ||
| 999 |
_c23033 _d23005 |
||